Battlebots 2016 tournament - Statistics

General Stats
  • This quiz has been taken 72 times
  • The average score is 20 of 32
Answer Stats
Rank Robots % Correct
1 Tombstone
98%
2 Bronco
93%
4 Bite Force
85%
3 Witch Doctor
84%
19 Bombshell
82%
7 Minotaur
75%
12 Yeti
75%
6 Son of Whyachi
73%
13 Chomp
69%
8 Icewave
69%
17 Lock-Jaw
69%
10 Complete Control
67%
27 Poison Arrow
67%
30 Red Devil
67%
26 Blacksmith
65%
24 Overhaul
65%
23 Warhead
65%
22 Warrior Clan
64%
28 Mega Tento
62%
5 Stinger
62%
25 Nightmare
60%
9 BETA
58%
16 Brutus
58%
18 Ghost Raptor
58%
11 Hypershock
58%
21 Lucky
56%
15 Razorback
49%
14 Cobalt
47%
32 Escape Velocity
47%
31 Chrome Fly
44%
29 The Ringmaster
44%
20 Captain Shreederator
11%
No matching quizzes found
Score Distribution
Percent of People with Each Score
Percentile by Number Answered
Your Score History
You have not taken this quiz